La pensión de viudedad : (Registro nro. 163086)
[ vista simple ]
| 000 -LEADER | |
|---|---|
| fixed length control field | 01209nam a2200253 i 4500 |
| 007 - PHYSICAL DESCRIPTION FIXED FIELD--GENERAL INFORMATION | |
| fixed length control field | cr|||| |||| |
| 008 - FIXED-LENGTH DATA ELEMENTS--GENERAL INFORMATION | |
| fixed length control field | 131122s2013 sp 000 0 spa d |
| 020 ## - INTERNATIONAL STANDARD BOOK NUMBER | |
| International Standard Book Number | 9788415923176 |
| 035 ## - | |
| -- | 11828 |
| 040 ## - CATALOGING SOURCE | |
| Original cataloging agency | BUS |
| Modifying agency | vLex |
| 090 ## - | |
| -- | 4730 |
| -- | 4730 |
| 100 1# - MAIN ENTRY--PERSONAL NAME | |
| Personal name | Desdentado Aroca, Elena. |
| 245 13 - TITLE STATEMENT | |
| Title | La pensión de viudedad : |
| Remainder of title | retos del derecho de familia y reflexiones sobre las últimas reformas |
| Medium | [Recurso electrónico] / |
| Statement of responsibility, etc | Elena Desdentado Daroca. |
| 256 ## - | |
| -- | Servicio en línea |
| 260 ## - PUBLICATION, DISTRIBUTION, ETC. (IMPRINT) | |
| Place of publication, distribution, etc | Albacete : |
| Name of publisher, distributor, etc | Bomarzo, |
| Date of publication, distribution, etc | 2013 |
| 300 ## - PHYSICAL DESCRIPTION | |
| Extent | 1 recurso electrónico |
| 506 1# - RESTRICTIONS ON ACCESS NOTE | |
| Terms governing access | Contenido solo disponible en los productos indicados |
| Authorized users | vLex Global |
| -- | vLex Global (Academic Edition, excluding Law Schools) |
| -- | vLex Global (U.S. Academic Edition, Law Schools) |
| -- | vLex Global (U.S. Academic Edition, excluding Law Schools) |
| -- | vLex Global (Academic Edition, Law Schools) |
| 650 04 - SUBJECT ADDED ENTRY--TOPICAL TERM | |
| Topical term or geographic name as entry element | Pensiones del superviviente |
| General subdivision | Derecho |
| Geographic subdivision | España |
| 650 04 - SUBJECT ADDED ENTRY--TOPICAL TERM | |
| Topical term or geographic name as entry element | Familia - |
| General subdivision | Derecho - |
| Geographic subdivision | España. |
| 740 0# - | |
| -- | vLex Libros (Servicio en línea) |
| 856 40 - LOCALIZACIÓN Y ACCESO ELECTRÓNICO | |
| Identificador Uniforme del Recurso (URI/URL) | https://app.vlex.com/#/sources/pension-de-viudedad-retos-del-derecho-de-familia-y-reflexiones-sobre-las-ultimas-reformas-11828 |
| 942 ## - | |
| -- | RAA |
| 999 ## - | |
| -- | 163086 |
| -- | 163086 |
No hay ítems disponibles.